Основы биометрии : (Record no. 361048)
[ view plain ]
| 000 -LEADER | |
|---|---|
| fixed length control field | 01181nam a2200241 a 4500 |
| 001 - CONTROL NUMBER | |
| control field | 001123480 |
| 003 - CONTROL NUMBER IDENTIFIER | |
| control field | AM-YeHGA |
| 005 - DATE AND TIME OF LATEST TRANSACTION | |
| control field | 20250617151939.0 |
| 008 - FIXED-LENGTH DATA ELEMENTS--GENERAL INFORMATION | |
| fixed length control field | 160113s1976 ||| r 000 0 rus d |
| 040 ## - CATALOGING SOURCE | |
| Original cataloging agency | AM-YeHGA |
| 041 0# - LANGUAGE CODE | |
| Language code of text/sound track or separate title | rus |
| 090 ## - LOCALLY ASSIGNED LC-TYPE CALL NUMBER (OCLC); LOCAL CALL NUMBER (RLIN) | |
| -- | 362889 |
| 245 00 - TITLE STATEMENT | |
| Title | Основы биометрии : |
| Remainder of title | Методические разработки с использованием программированных заданий / |
| Statement of responsibility, etc. | Укр. с.-х. академия; Н.Н. Колесник, Ю.И. Кривенцов, А.Л. Трофименко, Н.Е. Чернякова. |
| 260 ## - PUBLICATION, DISTRIBUTION, ETC. | |
| Place of publication, distribution, etc. | Киев : |
| Name of publisher, distributor, etc. | Б. и., |
| Date of publication, distribution, etc. | 1976-. |
| 300 ## - PHYSICAL DESCRIPTION | |
| Extent | раздел. |
| 505 10 - FORMATTED CONTENTS NOTE | |
| Miscellaneous information | Раздел 1 (1976, 123 с.) |
| Title | Общая часть. Анализ малых групп |
| 653 0# - INDEX TERM--UNCONTROLLED | |
| Uncontrolled term | Биометрия - Основы биометрии |
| 700 1# - ADDED ENTRY--PERSONAL NAME | |
| Personal name | Колесник, Николай Никитич |
| 700 1# - ADDED ENTRY--PERSONAL NAME | |
| Personal name | Кривенцов, Юрий Иванович |
| 700 1# - ADDED ENTRY--PERSONAL NAME | |
| Personal name | Трофименко, Алексей Лукич |
| 700 1# - ADDED ENTRY--PERSONAL NAME | |
| Personal name | Чернякова, Надежда Евгеньевна |
| 710 2# - ADDED ENTRY--CORPORATE NAME | |
| Corporate name or jurisdiction name as entry element | Украинская сельскохозяйственная академия |
| Withdrawn status | Lost status | Damaged status | Not for loan | Collection | Home library | Current library | Date acquired | Total checkouts | Full call number | Barcode | Date last seen | Price effective from | Koha item type | Public note |
|---|---|---|---|---|---|---|---|---|---|---|---|---|---|---|
| General | Fundamental Scientific Library | Fundamental Scientific Library | 11/01/2017 | РII/386599 | FL0373484 | 11/01/2017 | 11/01/2017 | Գրքեր / Books | 30 Days Loan |
ՀՀ Գիտությունների ազգային ակադեմիայի հիմնարար գիտական գրադարան = Fundamental Scientific Library of NAS RA
All site content, except where otherwise noted, is licensed under a